Needless to Say - Sabrina Carpenter (All Lyrics) - Statistics

General Stats
  • This quiz has been taken 20 times
  • The average score is 129 of 176
Answer Stats
Lyrics % Correct
do
100%
I
100%
need
100%
Need
100%
Needless
100%
say
100%
to
100%
who
100%
how
92%
if
92%
it
92%
it's
92%
just
92%
me
92%
on
92%
you
92%
You
92%
you'll
92%
your
92%
an
83%
be
83%
In
83%
in
83%
All
75%
all
75%
and
75%
more
75%
of
75%
off,
75%
Oh,
75%
So
75%
the
75%
think
75%
about
67%
at
67%
much
67%
now,
67%
Try
67%
way
67%
boys
58%
funny
58%
happier
58%
How's
58%
love
58%
One
58%
than
58%
Guess
50%
kinda
50%
(Ooh)
50%
promise
50%
up
50%
working
50%
basement?
42%
bet
42%
entertaining
42%
focus
42%
left
42%
less
42%
mother's
42%
New
42%
show
42%
weather
42%
York
42%
anything
33%
awkward
33%
conversations
33%
dress,
33%
Early
33%
friends
33%
gets
33%
held
33%
painful
33%
Pretty
33%
angle
25%
close
25%
comment
25%
getting
25%
immaturity
25%
laid
25%
lessons
25%
twenties
25%
zoomed
25%
judgment
17%
spite,
17%
No matching quizzes found
Score Distribution
Percent of People with Each Score
Percentile by Number Answered
Your Score History
You have not taken this quiz